000 00687nam a22001337a 4500
040 _cRUA
082 _aAGR PHO 2017 B433 Or.1
100 _aPHOEURN NARY,ភឿន ណារី
245 _aeffect of different rates of potash (k2o) on growth and yield of ginger (zingiber officinale) ឥទិ្ធពលនៃកម្រិតប៉ូតាស់ផ្សេងៗគ្នាទៅលើការលូតលាស់និងទិន្នផលដំណាំខ្ញី (zingiber officinale)
260 _aRUA
_bphnom penh
_c2016
300 _ax;32p;
_bill;
_c29cm;
856 _uhttps://drive.google.com/file/d/1HjU4KRYdNhKI-sSEmkuH3T6z416R7M_q/view?usp=sharing
942 _cAGR
999 _c19248
_d19248